Johto Region Pokemon (Sudden Death) - Statistics

General Stats
  • This quiz has been taken 93 times
  • The average score is 11 of 18
Answers on the Grid
Answers color-coded by a green-red scale on the quiz's grid according to % correct below.
Pikachu
Mudkip
Porygon-Z
Herdier
Yveltal
Cosmog
Ursaluna
Scream Tail
Togekiss
Mismagius
Seadra
Greninja
Glaceon
Fuecoco
Kingdra
Furret
Heracross
Lugia
Ariados
Steelix
Sudowoodo
Misdreavus
Quilava
Azumarill
Suicune
Bayleef
Pichu
Tyranitar
Sneasel
Ampharos
Ho-oh
Celebi
 
Answer Stats
Answer % Correct
Ampharos
68%
Steelix
68%
Suicune
68%
Furret
66%
Pichu
66%
Quilava
66%
Sneasel
66%
Sudowoodo
66%
Bayleef
63%
Celebi
63%
Ho-oh
63%
Lugia
63%
Tyranitar
63%
Ariados
61%
Azumarill
61%
Heracross
58%
Kingdra
58%
Misdreavus
55%
No matching quizzes found
Score Distribution
Percent of People with Each Score
Percentile by Number Answered
Your Score History
You have not taken this quiz